Teologie Agapé : dogmatika. Sv. I., Díl I. Princip, východiska, jevy láska. Díl II. O víře, Božím sebesdílení a paměti církve. Díl III. Duch lásky a pravdy. Díl IV. Boží láska člověkem / Josef Zvěřina
Record details
- ISBN: 80-7021-432-5 :
- Physical Description: 404 s.
- Edition: Vyd. 2., ve Vyšehradu 1.
- Publisher: Praha : Vyšehrad, 2003
Search for related items by subject
| Subject: | křesťanská teologie křesťanská dogmatika teologie agapé |
| Genre: | výklady |
Available copies
- 3 of 3 copies available at Common Catalog SPOK.
Holds
- 0 current holds with 3 total copies.
Show Only Available Copies
| Location | Call Number / Copy Notes | Barcode | Shelving Location | Status | Due Date |
|---|---|---|---|---|---|
| ETS Library | 230.042 | 424470006211 | Volný výběr | Available | - |
| Jabok Library | ST-1.7 | 424480027476 | Odborná literatura | Available | - |
| Jabok Library | ST-1.7 | 424480040806 | Odborná literatura | Available | - |
| LDR | 01132nam a2200301 a 4500 | ||
|---|---|---|---|
| 001 | 13157 | ||
| 003 | CZ-PrJAB | ||
| 005 | 20200129071249.0 | ||
| 007 | ta | ||
| 008 | 030711s2003----xr-----e------000-0-cze-- | ||
| 020 | . | ‡a80-7021-432-5 : ‡c298.00 Kč | |
| 035 | . | ‡a(CZ-KlSVK)c300780 | |
| 040 | . | ‡aKLG001 ‡bcze | |
| 080 | . | ‡a27-1 ‡2undef | |
| 080 | . | ‡a27-284 ‡2undef | |
| 100 | 1 | . | ‡aZvěřina, Josef, ‡d1913-1990 ‡4aut ‡7jn19981002448 |
| 245 | 1 | 0. | ‡aTeologie Agapé : ‡bdogmatika. ‡nSv. I., ‡pDíl I. Princip, východiska, jevy láska. ‡pDíl II. O víře, Božím sebesdílení a paměti církve. ‡pDíl III. Duch lásky a pravdy. ‡pDíl IV. Boží láska člověkem / ‡cJosef Zvěřina |
| 246 | 3 | 0. | ‡aDíl I. Princip, východiska, jevy láska |
| 246 | 3 | 0. | ‡aDíl II. O víře, Božím sebesdílení a paměti církve |
| 246 | 3 | 0. | ‡aDíl III. Duch lásky a pravdy |
| 246 | 3 | 0. | ‡aDíl IV. Boží láska člověkem |
| 250 | . | ‡aVyd. 2., ve Vyšehradu 1. | |
| 260 | . | ‡aPraha : ‡bVyšehrad, ‡c2003 | |
| 300 | . | ‡a404 s. | |
| 650 | 0 | 4. | ‡akřesťanská teologie ‡7ph115064 |
| 650 | 0 | 4. | ‡akřesťanská dogmatika ‡7ph138441 |
| 650 | 0 | 4. | ‡ateologie agapé |
| 655 | 4. | ‡avýklady ‡7fd187853 | |
| 910 | . | ‡aABG312 | |
| 910 | . | ‡aABG450 | |
| 901 | . | ‡a13157 ‡bCZ-KlSVK ‡c13157 ‡tbiblio | |